Airplane Trivia (HARD) - Statistics

General Stats
  • This quiz has been taken 34 times
  • The average score is 5 of 21
Answer Stats
Hint Answer % Correct
What aircraft is known as the "Hercules"? C-130
62%
What year was KLM Royal Dutch Airlines founded? 1919
58%
What year did the A310 begin production? 1978
54%
What year did Boeing acquire McDonnell Douglas? 1997
54%
When did Pan Am go bankrupt? 1991
50%
Where was Piaggio founded? Italy
50%
What is Jordan's flag carrier? Royal Jordanian
50%
What does TCAS stand for? Traffic Collision Avoidance System
38%
What airport has the code PVG? Shanghai Pudong
31%
What year did Lockheed discontinue the L1011 TriStar? 1983
27%
What jet fighter was nicknamed the "MiG killer" in the Vietnam war? F-4 Phantom
12%
Which WWI aircraft was famously flown by the Red baron (Manfred Von Richtofen) Fokker Dr.1
12%
Who did Bombardier sell the CRJ series to? Mitsubishi Heavy Industries
12%
What was the AN-225's purpose before Antonov bought it? Shuttle carrier
8%
What AFB are B-2 Spirits based at? Whiteman AFB
8%
What was the only US Air Force stationed in Europe in WWII? 8th Air Force
4%
What engine part produces most the thrust? Fan
4%
What airline had the shortest lifespan? Sunair
4%
What safety feature prevents runway incursions? GPWS
0%
What was the biggest crash in 1996? TWA Flight 800
0%
What was JetBlue actually going to be? Virgin America
0%
No matching quizzes found
Score Distribution
Percent of People with Each Score
Percentile by Number Answered
Your Score History
You have not taken this quiz